Design of reinforced concrete structures / (Record no. 11126)
[ view plain ]
| 000 -LEADER | |
|---|---|
| fixed length control field | 00495cam a2200193ua 4500 |
| 041 ## - LANGUAGE CODE | |
| Language code of text/sound track or separate title | eng |
| 082 ## - DEWEY DECIMAL CLASSIFICATION NUMBER | |
| Classification number | 624.18341 |
| Item number | RAM/DE |
| 100 ## - MAIN ENTRY--AUTHOR NAME | |
| Personal name | Ramamrutham, S. |
| 245 ## - TITLE STATEMENT | |
| Title | Design of reinforced concrete structures / |
| 250 ## - EDITION STATEMENT | |
| Edition statement | 11 / |
| 260 ## - PUBLICATION, DISTRIBUTION, ETC. (IMPRINT) | |
| Place of publication | Delhi : |
| Name of publisher | Dhanpath Rai and sons , |
| Year of publication | 1992. |
| 300 ## - PHYSICAL DESCRIPTION | |
| Number of Pages | 1344 ; . |
| 700 1# - ADDED ENTRY--PERSONAL NAME | |
| Personal name | Narayanan, R . |
| 942 ## - ADDED ENTRY ELEMENTS (KOHA) | |
| Koha item type | Books |
| Withdrawn status | Lost status | Damaged status | Home library | Current library | Shelving location | Date acquired | Full call number | Accession Number | Koha item type |
|---|---|---|---|---|---|---|---|---|---|
| Damaged | KAUAET | KAUAET | Binding Shelf | 07/04/2012 | 624.18341 | 17908 | Books | ||
| KAUAET | KAUAET | Scheme | 11/09/2018 | 624.18341 RAM/DE | BB 129 | Books |
